| 000 | 01157cam a22003253a 4500 | ||
|---|---|---|---|
| 001 | 2401 | ||
| 003 | PGUSA | ||
| 005 | 20140828083014.0 | ||
| 008 | 001101s2000||||xxu|||||s|||||000 | eng d | ||
| 040 |
_aPGUSA _beng |
||
| 042 | _adc | ||
| 050 | 4 | _aDC | |
| 100 | 1 |
_aMarbot, Jean-Baptiste-Antoine-Marcelin, baron de, _d1782-1854 |
|
| 245 | 1 | 4 |
_aThe Memoirs of General Baron de Marbot _h[electronic resource] / _cJean-Baptiste-Antoine-Marcelin, baron de Marbot |
| 260 |
_bProject Gutenberg, _c2000 |
||
| 506 | _aPublic domain in the USA. | ||
| 516 | _aElectronic text | ||
| 653 | _aEurope -- History -- 1789-1815 | ||
| 653 | _aFrance -- History, Military -- 1789-1815 | ||
| 653 | _aFrance. Armée | ||
| 653 | _aGenerals -- France -- Biography | ||
| 653 | _aNapoleonic Wars, 1800-1815 -- Campaigns | ||
| 653 | _aMarbot, Jean-Baptiste-Antoine-Marcelin, baron de, 1782-1854 | ||
| 653 | _aNapoleonic Wars, 1800-1815 -- Personal narratives, French | ||
| 700 | 1 | _aColt, Oliver C. | |
| 740 | 0 | _aMémoires du général Baron de Marbot. English | |
| 830 | 0 |
_aProject Gutenberg _v2401 |
|
| 856 | 4 | 0 | _uhttp://www.gutenberg.org/ebooks/2401 |
| 942 | _cEB | ||
| 999 |
_c231738 _d231738 |
||